[Event "SLO-chT2 East"]
[Site "Brezice Maribor"]
[Date "2007.09.08"]
[Round "5"]
[White "Mejal, Joze"]
[Black "Kitek, Dusan"]
[Result "1-0"]
[WhiteElo "1645"]
[BlackElo "1733"]
[PlyCount "37"]
[EventDate "2007.05.26"]
[EventType "team-tourn"]
[EventRounds "9"]
[EventCountry "SLO"]
[SourceTitle "EXT 2010"]
[Source "ChessBase"]
[SourceDate "2010.11.25"]
[SourceVersion "1"]
[SourceVersionDate "2010.11.25"]
[SourceQuality "1"]

1. d4 Nf6 2. c4 g6 3. Nc3 Bg7 4. e4 d6 5. Nf3 0-0 6. Be2 e5 7. dxe5 dxe5 8. Bg5 Qxd1+ 9. Rxd1 c6 10. 0-0 Be6 11. Rd6 Nbd7 12. b4 h6 13. Be3 Ne8 14. Rd2 Nb6 15. Bc5 Nxc4 16. Bxc4 Bxc4 17. Rfd1 Nc7 18. Bxf8 Kxf8 19. Rd8+ 1-0